| 000 | 00561nam a22001817a 4500 | ||
|---|---|---|---|
| 003 | BD-DhUL | ||
| 005 | 20210826122306.0 | ||
| 008 | 180909s1933 ii ||||| |||| 00| 0 urd d | ||
| 040 |
_aBD-DhUL _cBD-DhUL |
||
| 082 |
_a891.431 _bKAJ |
||
| 100 | 1 | _aکیفی، محمد مبین | |
| 245 | 1 |
_aجواہر سخن : _cمحمد مبین کیفی _bجلد ۱۔ جزء ۱-۲ / |
|
| 260 |
_aالہ اباد : _bہندستانی اکیڈیمی، _c۱۹۳۳۔ |
||
| 300 |
_aجلد ۱ ؛ _c۲۴ سم۔ |
||
| 365 |
_aRS _b30.00 |
||
| 650 | 4 | _aUrdu poetry | |
| 942 |
_2ddc _cBK |
||
| 999 |
_c243367 _d243367 |
||